ნორმალური ფორმატი
MARC ფორმატი
ჩანაწერი Corporate Name
ჩანაწერთა რაოდენობა, რომელიც გამოყენებულია: 1
001 - CONTROL NUMBER
- control field: 5289
003 - CONTROL NUMBER IDENTIFIER
- control field: GE_BSU
005 - DATE AND TIME OF LATEST TRANSACTION
- control field: 20191111160411.0
008 - FIXED-LENGTH DATA ELEMENTS
- fixed length control field: 191111|| aca||aabn | a|a d
040 ## - CATALOGING SOURCE
- Original cataloging agency: GE_BSU
- Transcribing agency: GE_BSU
110 ## - HEADING--CORPORATE NAME
- Corporate name or jurisdiction name as entry element: სოხუმის სახელმწ. უნ-ტი, სოციალ. და პოლიტ. მეცნ. ფაკ-ტი
- Subordinate unit: ახალი ფსიქოლ. და სოციოლ. ტექნოლოგიების სამეცნ.-კვლევ. ინ-ტი, პოსტინდუსტრიული (ახალი) საზ-ბის კვლევის ცენტრი.
670 ## - SOURCE DATA FOUND
- Source citation: Work cat.: (GE_BSU)39794: ქეცბაია, კახა 5287, სოციოლოგიის შესავალი :
